上海2号线地铁站 - Statistics

General Stats
  • This quiz has been taken 760 times
    247 since last reset
  • The average score is 22 of 31
Answer Stats
2号线地铁站 % Correct
虹桥火车站
92%
陆家嘴
92%
人民广场
91%
浦东1号2号航站楼
91%
南京东路
90%
国家会展中心
89%
南京西路
89%
世纪大道
87%
龙阳路
86%
虹桥2号航站楼
84%
静安寺
82%
中山公园
80%
张江高科
78%
江苏路
75%
浦东南路
74%
娄山关路
73%
广兰路
72%
海天三路
72%
川沙
71%
上海科技馆
70%
淞虹路
67%
北新泾
65%
世纪公园
64%
唐镇
60%
威宁路
58%
远东大道
55%
蟠祥路
51%
金科路
45%
凌空路
45%
华夏东路
42%
创新中路
41%
No matching quizzes found
Score Distribution
Percent of People with Each Score
Percentile by Number Answered
Your Score History
You have not taken this quiz since the last reset